A retrospective audit of post thoracotomy pain management in University Malaya Medical Center /
Saved in:
| 主要作者: | |
|---|---|
| 格式: | Thesis 圖書 |
| 語言: | English |
| 主題: | |
| 標簽: |
添加標簽
沒有標簽, 成為第一個標記此記錄!
|
| LEADER | 01058cam a2200289 i 4500 | ||
|---|---|---|---|
| 001 | u1007876 | ||
| 003 | SIRSI | ||
| 005 | 201512291622 | ||
| 008 | 151229t2013 my a m 000 0 eng b | ||
| 040 | |a UMP |e rda | ||
| 096 | |a WO200 |b UM 2013 Soo | ||
| 100 | 1 | |a Soo, Cheng Wei, |e author. | |
| 245 | 1 | 2 | |a A retrospective audit of post thoracotomy pain management in University Malaya Medical Center / |c Soo Cheng Wei. |
| 264 | 1 | |c 2013. | |
| 264 | 4 | |c 2013. | |
| 300 | |a viii, 40 leaves : |b colour illustrations ; |c 30cm. | ||
| 336 | |a text |2 rdacontent | ||
| 337 | |a unmediated |2 rdamedia | ||
| 338 | |a volume |2 rdacarrier | ||
| 502 | |b M. Anaes |c Department of Anesthesiology, Faculty of Medicine, University of Malaya, |d 2013. | ||
| 504 | |a Bibliography: leaves 30-35. | ||
| 650 | 1 | 2 | |a Thoracotomy. |
| 650 | 2 | 2 | |a Pain, Postoperative. |
| 710 | 2 | 0 | |a Universiti Malaya. |b Jabatan Anestesiologi. |e degree granting institution. |
| 596 | |a 1 2 | ||
| 900 | |a AI | ||
| 999 | |a WO200 UM 2013 SOO |w NLM |c 1 |i A515679441 |d 29/12/2015 |f 29/12/2015 |g 1 |l TESIS |m P02MEDKL |r Y |s Y |t TESIS |u 11/12/2014 | ||
